000
00241nam a22000857a 4500
008
160831b xxu||||| |||| 00| 0 eng d
100
_9
281
_a
Aggarwal M.L
245
_a
Manual for CCE in Mathematics-X
260
_a
New Delhi
_b
Avichal publication
_c
2010
999
_c
2939
_d
2939